1625 1585 1105 1641 1855 1443 1026 1340 1611 1295 1903 1450 1945 1431 1397 1377 1107 1230 1310 1120 1020 1147 1736 1717 1655 1761 1454 1703 1543 1669 1126 1962 1007 1448 1062 1484 1132 1129 1119 1213 1858 1332 1186 1711 1169 1669 1425 1531 1823 1751 1548 1969 1866 1548 1943 1760 1736 1112 1127 1651 1202 1592 1951 1059 1101 1659 1045 1329 1724 1897 1638 1467 1748 1295 1403 1171 1265 1231 1887 1991 1102 1637 1276 1059 1843 1667 1612 1854 1715 1235 1094 1722 1170 1577 1245 1044 1216 1495 1647 BCNSPRNW ULIB Ver.6.0+V

เปลี่ยนเป็นภาษาไทย

Change to English
 แสดงรายละเอียดบรรณานุกรม
  กลับหน้าหลัก

Brief Record : Get Marc (ISO 2709) : E-mail record : QR code < ปิดหน้าต่าง
LEADER : 00000nam 2200000uu 4500
001    13399113917
003     ULIB
008    120113s2552||||th 000 0 tha d
020    ^a9786117097058
090    ^aนว.^bP111O 2552
100 0  ^aPink_Rabbit
245 00 ^aOh! My Pretty Boy รักหมดใจให้นายคนเดียว/^cPink_Rabbit
250    ^aพิมพ์ครั้งที่ 1
260    ^aกรุงเทพฯ :^bSimply Book,^c2552
300    ^a240 หน้า
945    ^p185^l0^i15767
995    ^aกัณชพร
999    ^aใช้งานได้ทุกระบบ
รายการนี้ยังไม่มีแท็ก
คุณยังไม่ได้ล็อกอิน คุณสามารถมีกิจกรรมร่วมกับเว็บไซต์ได้ แต่ต้องล็อกอินก่อน ::
  ล็อกอิน

รายการสื่อสารสนเทศ

ลำดับที่ ประเภท เลขเรียก/บาร์โค้ด สถานที่ สถานะ
1. วิทยาศาสตร์การแพทย์ และสุขภาพ
วิทยาศาสตร์การแพทย์ และสุขภาพ
นว. P111O 2552  
  Barcode: 15767
ห้องสมุดวิทยาเขตสวรรค์ประชารักษ์
►นวนิยาย
บนชั้น
  ขอยืม

BibComment


ยังไม่เคยถูกคอมเมนท์

คอมเมนท์ทรัพยากรรายการนี้
  คอมเมนท์: Oh My Pretty Boy..


 Copyright 2026. Bcnsprnw @Library